[Event "1. liga - V 17/18, SM-Kromeriz"]
[Site ""]
[Date "2018.02.04"]
[Round "7.4"]
[White "Pastircak, Milan"]
[Black "Husek, Martin"]
[Result "0-1"]
[WhiteElo "2317"]
[BlackElo "2173"]
[PlyCount "0"]
[WhiteTeam "Slavia Kromeriz"]
[BlackTeam "SK Stare Mesto"]
[EventDate "2017.10.22"]

1. c4 Nf6 2. g3 c5 3. Bg2 d5 4. Nf3 Nc6 5. O-O e5 6. cxd5 Nxd5 7. Nc3 Nc7 8. d3
Be7 9. Nd2 Be6 10. Nc4 f6 11. Bxc6+ bxc6 12. Qa4 Qd7 13. Ne4 Bh3 14. Re1 h5 15.
Be3 h4 16. Rac1 hxg3 17. fxg3 Qd5 18. Bf2 Ne6 19. Ne3 Qd7 20. Nd1 f5 21. Nxc5
Nxc5 22. Qa5 Ne6 23. Qxe5 Qd5 24. Qxd5 cxd5 25. Nc3 Rd8 26. Bxa7 d4 27. Nb5 Bg5
28. Rc6 Be3+ 29. Kh1 f4 0-1

[Event "1. liga - V 17/18, SM-Kromeriz"]
[Site ""]
[Date "2018.02.04"]
[Round "7.5"]
[White "Bazant, Petr"]
[Black "Karlik, Vladimir"]
[Result "1-0"]
[WhiteElo "2299"]
[BlackElo "2218"]
[PlyCount "0"]
[WhiteTeam "SK Stare Mesto"]
[BlackTeam "Slavia Kromeriz"]
[EventDate "2017.10.22"]

1. e4 g6 2. d4 Bg7 3. Nf3 d6 4. h3 c6 5. Bd3 Nd7 6. O-O Qc7 7. c3 Ngf6 8. a4 a5
9. Na3 O-O 10. Bg5 e5 11. Re1 Re8 12. dxe5 dxe5 13. b4 Nf8 14. Nc4 axb4 15.
cxb4 Ne6 16. Bd2 Nd7 17. Bc3 Nd4 18. Bf1 Nxf3+ 19. Qxf3 Nf8 20. a5 Ne6 21. Nb6
Rb8 22. Rac1 Qe7 23. Qg3 Nc7 24. Bc4 Na8 25. Nxc8 Rbxc8 26. b5 cxb5 27. Bd5 b4
28. Bd2 Rc7 29. Rb1 Bf8 30. Bxb4 Qf6 31. Bxf8 Rxf8 32. Bxb7 Re7 33. a6 Nb6 34.
Rec1 1-0

[Event "1. liga - V 17/18, SM-Kromeriz"]
[Site ""]
[Date "2018.02.04"]
[Round "7.6"]
[White "Mudrak, Josef"]
[Black "Vrana, Frantisek"]
[Result "0-1"]
[WhiteElo "2275"]
[BlackElo "2247"]
[PlyCount "0"]
[WhiteTeam "Slavia Kromeriz"]
[BlackTeam "SK Stare Mesto"]
[EventDate "2017.10.22"]

1. d4 Nf6 2. c4 g6 3. Nc3 Bg7 4. Bg5 c5 5. dxc5 Na6 6. g3 Nxc5 7. Bg2 O-O 8.
Qc2 d6 9. e4 Be6 10. Nd5 Nxd5 11. cxd5 Bd7 12. Ne2 Bxb2 13. Rb1 Bg7 14. O-O a6
15. Rfe1 Bb5 16. Nc1 Rc8 17. Qd2 Na4 18. Qe3 Rc3 19. Qd2 Qc7 20. Bh6 Rc2 21.
Qe3 Bxh6 22. Qxh6 Nc3 23. Ra1 Qc5 24. Qf4 Rc8 25. Nb3 Qb4 26. Bh3 Rc7 27. Bg4
Nxa2 28. Re3 Nc1 29. e5 Qxf4 30. gxf4 Nxb3 31. Rxb3 R7c4 32. Bf3 Rxf4 33. exd6
exd6 34. Re1 g5 35. h3 h5 36. Bxh5 Rfxf2 37. Rg3 f6 38. h4 Rh2 39. Bg6 Rce2 40.
Rxe2 Rxe2 41. hxg5 Kg7 42. Bf5 Re1+ 43. Kg2 fxg5 44. Bc8 Re2+ 45. Kg1 Kg6 46.
Bxb7 Rd2 47. Re3 Kf5 48. Re6 Kf4 49. Rg6 Bd3 50. Rxd6 Kg3 51. Bxa6 Rd1# 0-1

[Event "1. liga - V 17/18, SM-Kromeriz"]
[Site ""]
[Date "2018.02.04"]
[Round "7.7"]
[White "Bazant, Petr"]
[Black "Dvorak, Martin"]
[Result "1/2-1/2"]
[WhiteElo "2225"]
[BlackElo "2166"]
[PlyCount "0"]
[WhiteTeam "SK Stare Mesto"]
[BlackTeam "Slavia Kromeriz"]
[EventDate "2017.10.22"]

1. d4 d5 2. c4 c6 3. Nc3 Nf6 4. e3 e6 5. Nf3 Nbd7 6. Qc2 Bd6 7. Be2 dxc4 8.
Bxc4 e5 9. O-O O-O 10. Bd3 h6 11. b3 Re8 12. Bb2 Qe7 13. Ne4 Nxe4 14. Bxe4 exd4
15. Bh7+ Kh8 16. exd4 Nf6 17. Rfe1 Be6 18. Bd3 Qc7 19. Ne5 Nd5 20. Bf5 Kg8 21.
Bh7+ Kh8 22. Bf5 Kg8 23. Bh7+ Kh8 1/2-1/2

[Event "1. liga - V 17/18, SM-Kromeriz"]
[Site ""]
[Date "2018.02.04"]
[Round "7.8"]
[White "Kapusta, Petr"]
[Black "Zpevakova, Jana"]
[Result "0-1"]
[WhiteElo "2131"]
[BlackElo "2084"]
[PlyCount "0"]
[WhiteTeam "Slavia Kromeriz"]
[BlackTeam "SK Stare Mesto"]
[EventDate "2017.10.22"]

1. e4 e6 2. d4 d5 3. Nd2 c5 4. exd5 exd5 5. Bb5+ Nc6 6. Qe2+ Be6 7. Ngf3 Nf6 8.
dxc5 Bxc5 9. Nb3 Bd6 10. Nbd4 Qd7 11. O-O O-O 12. Bg5 Ne4 13. Bh4 Bg4 14. Bxc6
bxc6 15. Bg3 Nxg3 16. hxg3 c5 17. Nb3 Rfe8 18. Qd2 Bf8 19. Rad1 Rad8 20. Rfe1
Rxe1+ 21. Rxe1 f6 22. Qe3 d4 23. Qd3 Be6 24. Nfd2 Qd5 25. Qe2 Bf5 26. Nf3 Bg6
27. Qd2 Be8 28. Nc1 c4 29. b3 Bb5 30. bxc4 Bxc4 31. Nb3 d3 32. cxd3 Qxd3 33.
Qxd3 Rxd3 34. Nfd2 Bf7 35. Rc1 a5 36. Rc2 a4 37. Nc1 Rd8 38. Nf3 Rb8 39. Nd4 a3
40. Ncb3 Bd5 41. Rc7 Rb7 42. Rc8 Kf7 43. f3 g6 44. Kf2 f5 45. f4 Bg7 46. Nf3 h6
47. Nc1 Bf6 48. Rc5 Rb2+ 49. Ke3 Bxa2 50. Ra5 Be7 51. Ne5+ Ke6 52. Ra6+ Kd5 53.
Ncd3 Rb7 54. Nxg6 Bd6 55. Nh4 Bc4 56. Nxf5 Bxa6 0-1

[Event "1. liga - V 17/18, Ostrava-Opava"]
[Site ""]
[Date "2018.02.04"]
[Round "7.1"]
[White "Klima, Lukas"]
[Black "Caletka, Radomir"]
[Result "1/2-1/2"]
[WhiteElo "2318"]
[BlackElo "2291"]
[PlyCount "0"]
[WhiteTeam "TJ Ostrava "A""]
[BlackTeam "KVS Ekodivize Opava"]
[EventDate "2017.10.22"]

1. e4 c5 2. Nf3 d6 3. d4 cxd4 4. Nxd4 Nf6 5. Nc3 g6 6. g3 Bg7 7. Bg2 O-O 8. O-O
Nc6 9. Nxc6 bxc6 10. e5 dxe5 11. Qxd8 Rxd8 12. Bxc6 Rb8 13. Re1 Bh3 14. Ba4 e6
15. Bb3 Nd5 16. Ne4 h6 17. f3 Bf5 1/2-1/2

[Event "1. liga - V 17/18, Ostrava-Opava"]
[Site ""]
[Date "2018.02.04"]
[Round "7.2"]
[White "Adamek, Jiri"]
[Black "Malik, Jan"]
[Result "1/2-1/2"]
[WhiteElo "2356"]
[BlackElo "2286"]
[PlyCount "0"]
[WhiteTeam "KVS Ekodivize Opava"]
[BlackTeam "TJ Ostrava "A""]
[EventDate "2017.10.22"]

1. c4 e6 2. Nc3 d5 3. e3 Nf6 4. Nf3 c6 5. b3 Nbd7 6. Be2 Bd6 7. O-O O-O 8. Qc2
Qe7 9. Bb2 b6 10. cxd5 cxd5 11. Nb5 Ba6 12. Rfc1 Rfc8 13. Qd1 Bxb5 14. Bxb5 Ba3
15. Rxc8+ Rxc8 16. Rc1 Rxc1 17. Qxc1 Bxb2 18. Qxb2 Qc5 19. Be2 a5 20. a3 Ne4
21. h3 h6 22. Nd4 Nb8 23. b4 axb4 24. axb4 Qc7 25. Bd3 Nd7 26. Nb5 Qc6 27. Nd4
Qc7 28. Nb5 Qc6 29. Nd4 1/2-1/2

[Event "1. liga - V 17/18, Ostrava-Opava"]
[Site ""]
[Date "2018.02.04"]
[Round "7.3"]
[White "Brecka, Ivan"]
[Black "Rakus, Pavel"]
[Result "1-0"]
[WhiteElo "2326"]
[BlackElo "2237"]
[PlyCount "0"]
[WhiteTeam "TJ Ostrava "A""]
[BlackTeam "KVS Ekodivize Opava"]
[EventDate "2017.10.22"]

1. e4 c5 2. Nf3 Nc6 3. d4 cxd4 4. Nxd4 Nf6 5. Nc3 e5 6. Ndb5 d6 7. Bg5 a6 8.
Na3 b5 9. Nd5 Be7 10. Bxf6 Bxf6 11. c3 O-O 12. Nc2 Rb8 13. h4 a5 14. Qf3 Be6
15. Nce3 b4 16. Bd3 bxc3 17. bxc3 Rb2 18. g3 Be7 19. O-O Qd7 20. Nf5 Rfb8 21.
Qg4 Bxf5 22. exf5 f6 23. Rfb1 Qa7 24. Rxb2 Rxb2 25. Qf3 Qc5 26. Rb1 Rxb1+ 27.
Bxb1 Bd8 28. Bc2 Nb4 29. Nxb4 axb4 30. Qa8 Qa5 31. Qc6 Kf7 32. Qd7+ Be7 33.
Bb3+ Kf8 34. cxb4 Qa8 35. Qe6 1-0

[Event "1. liga - V 17/18, Ostrava-Opava"]
[Site ""]
[Date "2018.02.04"]
[Round "7.4"]
[White "Nabelek, Marek"]
[Black "Ruzicka, Petr"]
[Result "1/2-1/2"]
[WhiteElo "2219"]
[BlackElo "2205"]
[PlyCount "0"]
[WhiteTeam "KVS Ekodivize Opava"]
[BlackTeam "TJ Ostrava "A""]
[EventDate "2017.10.22"]

1. e4 c5 2. Nc3 g6 3. f4 Bg7 4. Nf3 Nc6 5. Bc4 d6 6. d3 Nf6 7. a3 Rb8 8. O-O
O-O 9. Qe1 Nd4 10. Nxd4 cxd4 11. Nd5 b5 1/2-1/2

[Event "1. liga - V 17/18, Ostrava-Opava"]
[Site ""]
[Date "2018.02.04"]
[Round "7.5"]
[White "Mrva, Marek"]
[Black "Zalesky, Karel"]
[Result "1/2-1/2"]
[WhiteElo "2191"]
[BlackElo "2007"]
[PlyCount "0"]
[WhiteTeam "TJ Ostrava "A""]
[BlackTeam "KVS Ekodivize Opava"]
[EventDate "2017.10.22"]

1. e4 c5 2. Nf3 d6 3. d4 cxd4 4. Nxd4 Nf6 5. Nc3 a6 6. g3 b5 7. Bg2 Bb7 8. O-O
e6 9. Re1 b4 10. Nd5 e5 11. Bg5 Nbd7 12. Nf5 Bxd5 13. exd5 h6 14. Bd2 Qb6 15.
a3 g6 16. Ne3 bxa3 17. Rxa3 Qxb2 18. Rb3 Qd4 19. Rb4 Qc5 20. Rc4 Qa7 21. Rc6
Be7 22. Nc4 Qb8 23. Qa1 Kf8 24. Rb1 Qe8 25. Bb4 Kg7 26. Bxd6 Bxd6 27. Nxd6 Qe7
28. Nc4 e4 29. Rb7 Rhd8 30. Bh3 Kg8 31. Bxd7 Nxd7 32. Rcc7 Qe8 33. Qa4 Nf6 34.
Qxe8+ Nxe8 35. d6 Nxd6 36. Nxd6 Rxd6 37. Rxf7 Re8 38. Rg7+ Kh8 39. Rh7+ Kg8 40.
Rbg7+ Kf8 41. Ra7 Kg8 42. Rag7+ Kf8 43. Rc7 Kg8 44. Rxh6 e3 45. fxe3 1/2-1/2

[Event "1. liga - V 17/18, Ostrava-Opava"]
[Site ""]
[Date "2018.02.04"]
[Round "7.6"]
[White "Muzik, Martin"]
[Black "Splichal, Stanislav"]
[Result "1/2-1/2"]
[WhiteElo "2173"]
[BlackElo "2162"]
[PlyCount "0"]
[WhiteTeam "KVS Ekodivize Opava"]
[BlackTeam "TJ Ostrava "A""]
[EventDate "2017.10.22"]

1. e4 c5 2. c3 e6 3. d4 d5 4. e5 Nc6 5. Nf3 Bd7 6. Be2 Nge7 7. Na3 cxd4 8. cxd4
Nf5 9. Nc2 Be7 10. O-O Qb6 11. Rb1 a5 12. g4 Nh6 13. Ne3 Ng8 14. b3 f6 15. exf6
Nxf6 16. Bb2 O-O 17. Ne5 Be8 18. a3 Ne4 19. Bf3 Nxe5 20. Bxe4 Ng6 21. Bc2 Nf4
22. a4 Bc6 23. f3 g6 24. Ng2 Nh3+ 25. Kh1 Bd6 26. Qe1 Rae8 27. Qh4 Nf4 28. Rbe1
Qb4 29. Nxf4 Bxf4 30. Ba1 b5 31. Rb1 Be3 32. Qe1 Qxe1 33. Rfxe1 Bd2 34. Re2 Bb4
35. Kg2 Rf7 36. h4 Bd7 37. Rh1 Ref8 38. Rh3 Rc8 39. h5 g5 40. h6 Bd6 41. Bb2
Bf4 42. Rh1 Rf6 1/2-1/2

[Event "1. liga - V 17/18, Ostrava-Opava"]
[Site ""]
[Date "2018.02.04"]
[Round "7.7"]
[White "Hladik, Oto"]
[Black "Rambousek, Jan"]
[Result "1/2-1/2"]
[WhiteElo "2167"]
[BlackElo "2013"]
[PlyCount "0"]
[WhiteTeam "TJ Ostrava "A""]
[BlackTeam "KVS Ekodivize Opava"]
[EventDate "2017.10.22"]

1. c4 Nf6 2. Nc3 g6 3. g3 Bg7 4. Bg2 d6 5. d4 Nbd7 6. Nf3 O-O 7. O-O e5 8. e3
Re8 9. b3 c6 10. Bb2 Qa5 11. dxe5 dxe5 12. e4 Nf8 13. Qc2 Bg4 14. Ne2 Bxf3 15.
Bxf3 Rad8 16. Rad1 Ne6 17. a3 h5 18. Bg2 h4 19. b4 Qc7 20. c5 Nh5 21. Bf3 Nf6
22. Bg2 Nh5 23. Bf3 1/2-1/2

[Event "1. liga - V 17/18, Ostrava-Opava"]
[Site ""]
[Date "2018.02.04"]
[Round "7.8"]
[White "Sovadina, Jiri"]
[Black "Pacl, Vaclav"]
[Result "1/2-1/2"]
[WhiteElo "1942"]
[BlackElo "2083"]
[PlyCount "0"]
[WhiteTeam "KVS Ekodivize Opava"]
[BlackTeam "TJ Ostrava "A""]
[EventDate "2017.10.22"]

1. d4 e6 2. e4 d5 3. Nd2 dxe4 4. Nxe4 Be7 5. Nf3 Nf6 6. Bd3 Nxe4 7. Bxe4 Nd7 8.
O-O O-O 9. c3 c5 10. Qe2 Nf6 11. Bc2 b6 12. Bg5 Bb7 13. Rad1 Qc7 14. dxc5 Qxc5
15. Bxf6 Bxf6 16. Be4 Bxe4 17. Qxe4 Qb5 18. Rd2 1/2-1/2

[Event "1. liga - V 17/18, BSS-Trinec"]
[Site ""]
[Date "2018.02.04"]
[Round "7.1"]
[White "Rojicek, Vojtech"]
[Black "Petrik, Tomas"]
[Result "1/2-1/2"]
[WhiteElo "2383"]
[BlackElo "2477"]
[PlyCount "0"]
[WhiteTeam "BSS Frydek-Mistek "B""]
[BlackTeam "TZ Trinec"]
[EventDate "2017.10.22"]

1. Nf3 Nf6 2. g3 d5 3. Bg2 c6 4. O-O Bg4 5. d3 Nbd7 6. h3 Bxf3 7. exf3 e6 8. f4
g6 9. Nd2 Bg7 10. Nf3 O-O 11. c3 Ne8 12. Qc2 Nd6 13. Re1 Nf5 14. Bd2 h5 15.
Rad1 Qb6 16. Bc1 Nxg3 17. Be3 d4 18. Nxd4 Bxd4 19. Bxd4 c5 20. fxg3 cxd4 21.
cxd4 Rad8 22. Qf2 Nf6 23. d5 Qxf2+ 24. Kxf2 Nxd5 25. Bxd5 Rxd5 26. Ke3 Rfd8 27.
d4 Kg7 28. Rd3 Ra5 29. Ra1 Rd7 30. Rc3 Ra4 31. Rd3 Ra5 32. Rc3 Ra4 33. Rd3 Rc4
34. Rad1 Ra4 1/2-1/2

[Event "1. liga - V 17/18, BSS-Trinec"]
[Site ""]
[Date "2018.02.04"]
[Round "7.2"]
[White "Stohl, Igor"]
[Black "Jasny, Stanislav"]
[Result "1/2-1/2"]
[WhiteElo "2504"]
[BlackElo "2379"]
[PlyCount "0"]
[WhiteTeam "TZ Trinec"]
[BlackTeam "BSS Frydek-Mistek "B""]
[EventDate "2017.10.22"]

1. d4 d6 2. Nf3 g6 3. g3 Bg7 4. Bg2 f5 5. O-O Nf6 6. b3 O-O 7. Bb2 c6 8. Nbd2
a5 9. c4 Na6 10. Qc2 Rb8 11. a3 Kh8 12. Ne1 Bd7 13. Nd3 b5 14. c5 Rc8 15. a4
Nd5 16. Rfc1 1/2-1/2

[Event "1. liga - V 17/18, BSS-Trinec"]
[Site ""]
[Date "2018.02.04"]
[Round "7.4"]
[White "Walek, Milan"]
[Black "Rabatin, Jakub"]
[Result "1/2-1/2"]
[WhiteElo "2289"]
[BlackElo "2275"]
[PlyCount "0"]
[WhiteTeam "TZ Trinec"]
[BlackTeam "BSS Frydek-Mistek "B""]
[EventDate "2017.10.22"]

1. e4 c6 2. Nc3 d5 3. Nf3 g6 4. h3 Bg7 5. d4 dxe4 6. Nxe4 Nd7 7. Bd3 Ngf6 8.
O-O O-O 9. Re1 b6 10. Qe2 Bb7 11. Nxf6+ exf6 12. Ba6 Bxa6 13. Qxa6 Qc7 14. Bd2
f5 15. Re7 Rad8 16. Rae1 Bf6 17. R7e2 Bg7 18. Bg5 Nf6 19. c3 h6 20. Bxf6 Bxf6
21. Qc4 Qd7 22. Ne5 Bxe5 23. Rxe5 Rfe8 24. Qe2 Rxe5 25. Qxe5 h5 26. g3 Rc8 27.
h4 Rd8 28. Qe7 Kg7 29. Qe5+ Kg8 30. Qe7 Kg7 31. Re5 a5 32. a4 Qc8 33. Re1 Rd5
34. Qe8 Rd8 35. Qe5+ Kg8 36. Qe7 Kg7 37. Qe5+ Kg8 38. Qe7 Kg7 39. b3 Kg8 40.
Qe5 Qd7 41. Qe7 Qc8 42. Qf6 Re8 43. Re7 Rxe7 44. Qxe7 f4 45. Kg2 fxg3 46. fxg3
Kg7 47. Qe4 Qd7 48. c4 Qd6 49. d5 1/2-1/2

[Event "1. liga - V 17/18, BSS-Trinec"]
[Site ""]
[Date "2018.02.04"]
[Round "7.5"]
[White "Novosadova, Kristyna"]
[Black "Fargac, Martin"]
[Result "1/2-1/2"]
[WhiteElo "2251"]
[BlackElo "2244"]
[PlyCount "0"]
[WhiteTeam "BSS Frydek-Mistek "B""]
[BlackTeam "TZ Trinec"]
[EventDate "2017.10.22"]

1. e4 e5 2. Nf3 Nc6 3. Bb5 a6 4. Ba4 Nf6 5. O-O Nxe4 6. d4 b5 7. Bb3 d5 8. dxe5
Be6 9. c3 Bc5 10. Nbd2 O-O 11. a4 Bg4 12. h3 Nxd2 13. hxg4 Nxf3+ 14. gxf3 Nxe5
15. Bxd5 c6 16. Be4 Qh4 17. Kg2 Rad8 18. Qe2 Qf6 19. g5 Qe7 20. Qc2 Ng6 21. Rh1
Bd6 22. Kf1 f5 23. Bxc6 Bf4 24. axb5 axb5 25. Rh5 Bxc1 26. Rxc1 Nf4 27. Rh2
Qxg5 28. Re1 Rd6 29. Qb3+ Kh8 30. Qf7 Qd8 31. Qb7 Rd1 32. Qxb5 Qd2 33. Qe5 Nd3
34. Rxh7+ Kxh7 35. Qh2+ Kg6 1/2-1/2

[Event "1. liga - V 17/18, BSS-Trinec"]
[Site ""]
[Date "2018.02.04"]
[Round "7.6"]
[White "Kocian, Karel"]
[Black "Stepan, Patrik"]
[Result "1/2-1/2"]
[WhiteElo "2123"]
[BlackElo "2212"]
[PlyCount "0"]
[WhiteTeam "TZ Trinec"]
[BlackTeam "BSS Frydek-Mistek "B""]
[EventDate "2017.10.22"]

1. Nf3 Nf6 2. g3 b5 3. Bg2 Bb7 4. O-O e6 5. d4 c5 6. c3 Na6 7. Nbd2 Rc8 8. a3
Qb6 9. b4 cxb4 10. cxb4 Be7 11. Bb2 O-O 12. Rc1 d6 13. Rxc8 Rxc8 14. Qb1 Bd5
15. e4 Bc4 16. Rc1 d5 17. Ne5 Nb8 18. exd5 exd5 19. Qf5 Rd8 20. Re1 Bf8 21. g4
g6 22. Qf4 Nbd7 23. Bf3 Bg7 24. Ndxc4 dxc4 25. g5 Nxe5 26. dxe5 Nd5 27. Bxd5
Rxd5 28. e6 fxe6 29. Bxg7 Kxg7 30. Qf6+ Kg8 31. Rxe6 Qd8 32. Re7 Rd1+ 33. Kg2
Qd5+ 34. Kg3 Qd6+ 35. Qxd6 Rxd6 36. Rxa7 Rc6 37. Rd7 c3 38. Rd1 c2 39. Rc1 Kf7
40. Kf4 Ke6 41. Ke4 Kd6 42. Kd3 Ra6 43. Rxc2 Rxa3+ 44. Ke4 Rb3 45. Rd2+ Ke6 46.
Rd4 Rb2 47. Ke3 Rb3+ 48. Ke4 Rb2 49. Ke3 1/2-1/2

[Event "1. liga - V 17/18, BSS-Trinec"]
[Site ""]
[Date "2018.02.04"]
[Round "7.7"]
[White "Kozel, Jiri"]
[Black "Pilch, Roman"]
[Result "1/2-1/2"]
[WhiteElo "2146"]
[BlackElo "2139"]
[PlyCount "0"]
[WhiteTeam "BSS Frydek-Mistek "B""]
[BlackTeam "TZ Trinec"]
[EventDate "2017.10.22"]

1. e4 c5 2. Nf3 d6 3. d4 cxd4 4. Nxd4 Nf6 5. Nc3 a6 6. Be2 e6 7. f4 Qc7 8. Bf3
Be7 9. O-O O-O 10. Kh1 Nc6 11. Be3 Re8 12. Qd2 Rb8 13. Rad1 Nd7 14. Qf2 Nxd4
15. Bxd4 b5 16. e5 Bb7 17. Qg3 dxe5 18. fxe5 f5 19. exf6 Qxg3 20. f7+ Kxf7 21.
Bh5+ Kg8 22. Bf7+ Kh8 23. hxg3 Red8 24. Bxe6 Nf6 25. Be5 Rxd1 26. Rxd1 Rd8 27.
Rxd8+ Bxd8 28. a3 Ne4 29. Bd5 Bxd5 30. Nxd5 Kg8 31. Bc7 Bg5 32. Bf4 Bd8 33. Kg1
Kf7 34. Kf1 g5 35. Bc7 Ke6 36. Bxd8 Kxd5 37. Ke1 g4 38. Bc7 Nc5 39. Ke2 Ne6 40.
Bb6 Ng5 41. Ke3 Ne6 42. b3 Kc6 43. Bd4 Kd5 44. Bf6 a5 45. Bb2 a4 46. bxa4 bxa4
47. Bf6 Nc5 48. Kf4 h5 49. Kf5 Nd7 50. Bg7 Nc5 51. Kg6 Ke4 52. Kxh5 Kf5 53. Bh6
Ne4 54. Bf4 Nf6+ 55. Kh6 Nd5 56. Bd2 Nb6 57. Kg7 Nc4 58. Bb4 Ne3 59. c3 Nxg2
60. Kf7 Ne3 61. Ke7 Ke5 62. Kd7 Kd5 63. Kc7 Nf5 64. Kb6 Nxg3 65. Kb5 Ne4 66.
Kb6 1/2-1/2

[Event "1. liga - V 17/18, BSS-Trinec"]
[Site ""]
[Date "2018.02.04"]
[Round "7.8"]
[White "Kvicala, Miroslav"]
[Black "Stalmach, Richard"]
[Result "1/2-1/2"]
[WhiteElo "2003"]
[BlackElo "1969"]
[PlyCount "0"]
[WhiteTeam "TZ Trinec"]
[BlackTeam "BSS Frydek-Mistek "B""]
[EventDate "2017.10.22"]

1. c4 f5 2. Nf3 Nf6 3. Nc3 g6 4. g3 Bg7 5. Bg2 O-O 6. O-O d6 7. d3 Nc6 8. Rb1
a5 9. a3 Nh5 10. Bd2 f4 11. b4 axb4 12. axb4 Bg4 13. Nd5 e5 14. b5 Ne7 15.
Nxe7+ Qxe7 16. Qb3 c6 17. Bc3 fxg3 18. hxg3 Nf6 19. bxc6 bxc6 20. c5+ Nd5 21.
cxd6 Qxd6 22. Bb4 Qxb4 23. Qxb4 Nxb4 24. Rxb4 h5 25. Rb6 Ra2 26. Rxc6 Rxe2 27.
Ng5 Bf5 28. Bd5+ Kh8 29. Bc4 Rc2 30. Ne4 Rc8 31. Rxc8+ Bxc8 32. Ra1 Bb7 33. Ba6
Bd5 34. Rb1 Kh7 35. Rb8 Rc1+ 36. Kg2 Rc6 37. Bb5 Rc5 38. Ba6 Kh6 39. Rc8 Rxc8
40. Bxc8 g5 41. f3 Bc6 42. Ba6 Kg6 43. Bc4 Bf8 44. Be6 Bb5 45. Bc4 Bxc4 46.
dxc4 Kf5 1/2-1/2

[Event "1. liga - V 17/18, Gordic-Grygov"]
[Site ""]
[Date "2018.02.04"]
[Round "7.1"]
[White "Haba, Petr"]
[Black "Biolek, Richard"]
[Result "1-0"]
[WhiteElo "2443"]
[BlackElo "2448"]
[PlyCount "0"]
[WhiteTeam "SK Gordic"]
[BlackTeam "Agentura 64 Grygov"]
[EventDate "2017.10.22"]

1. e4 e5 2. Nf3 Nc6 3. Bb5 a6 4. Ba4 Nf6 5. O-O Be7 6.
Re1 b5 7. Bb3 O-O 8. c3 d5 9. exd5 Nxd5 10. Nxe5 Nxe5 11. Rxe5 c6 12. d3 Bd6
13. Re1 Qh4 14. g3 Qf6 15. Nd2 Qg6 16. Ne4 Bc7 17. Qf3 Bg4 18. Qg2 f5 19. Ng5
Kh8 20. Bxd5 cxd5 21. Bf4 Bxf4 22. gxf4 Rae8 23. Kf1 d4 24. cxd4 Qf6 25. Re5 h6
26. Nf3 Qd6 27. Rae1 Rc8 28. Nh4 Kh7 29. h3 Bh5 30. Rxf5 Rxf5 31. Qxg7+ Kxg7
32. Nxf5+ Kf8 33. Nxd6 Rc2 34. Kg2 Rxb2 35. Re5 Be2 36. f5 Bxd3 37. f6 Bg6 38.
Rc5 Kg8 39. Rc8+ Kh7 40. Rc7+ Kg8 1-0

[Event "1. liga - V 17/18, Gordic-Grygov"]
[Site ""]
[Date "2018.02.04"]
[Round "7.2"]
[White "Obsivac, Josef"]
[Black "Zwardon, Vojtech"]
[Result "0-1"]
[WhiteElo "2336"]
[BlackElo "2406"]
[PlyCount "0"]
[WhiteTeam "Agentura 64 Grygov"]
[BlackTeam "SK Gordic"]
[EventDate "2017.10.22"]

1. d4 Nf6 2. c4 e5 3. dxe5 Ng4 4. Bf4 g5 5. Bd2 Nxe5 6.
Nf3 Nbc6 7. Nc3 d6 8. Nxe5 Nxe5 9. g3 h5 10. Bg2 h4 11. Qc2 c6 12. b3 Bg7 13.
O-O-O h3 14. Be4 Ng4 15. Rdf1 Bd4 16. e3 Bg7 17. f3 Nf6 18. Bd3 a5 19. e4 Nd7
20. f4 gxf4 21. gxf4 Nc5 22. Rhg1 Bd4 23. Rg3 Qb6 24. Ne2 Bf2 25. Rxf2 a4 26.
b4 Nxd3+ 27. Qxd3 Qxf2 28. Bc3 Rf8 29. f5 Bxf5 30. exf5 O-O-O 31. Qf3 Qxf3 32.
Rxf3 Rde8 33. Ng3 Rg8 34. Kd2 Rg4 35. Kd3 a3 36. Bd2 Kc7 37. Bf4 Re1 38. c5 Ra1
39. cxd6+ Kd7 40. Ne4 Rxf4 41. Rxf4 Rxa2 42. Rh4 Rf2 43. Nc5+ Kxd6 44. Rxh3 a2
45. Nb3 Rb2 46. Na1 Rxb4 47. Rh7 Rb1 48. Nc2 Rc1 0-1

[Event "1. liga - V 17/18, Gordic-Grygov"]
[Site ""]
[Date "2018.02.04"]
[Round "7.3"]
[White "Holtman, Teodor"]
[Black "Biolek, Richard"]
[Result "0-1"]
[WhiteElo "2213"]
[BlackElo "2408"]
[PlyCount "0"]
[WhiteTeam "SK Gordic"]
[BlackTeam "Agentura 64 Grygov"]
[EventDate "2017.10.22"]

1. e4 e5 2. Nf3 Nc6 3. d4 exd4 4. Nxd4 Nf6 5. Nxc6 bxc6
6. Qe2 d6 7. Nc3 Be7 8. h3 O-O 9. Bd2 d5 10. e5 Nd7 11. O-O-O f6 12. exf6 Nxf6
13. g4 Bd6 14. g5 Nd7 15. Bg2 Rb8 16. Rde1 Ne5 17. Kb1 Bf5 18. Nxd5 cxd5 19.
Bxd5+ Nf7 20. Qc4 c6 21. Be6 Bxe6 22. Rxe6 Be5 23. Bb4 Rxb4 24. Qxb4 Qd5 25.
Rxe5 Nxe5 26. Rc1 a5 27. Qe7 Nc4 0-1

[Event "1. liga - V 17/18, Gordic-Grygov"]
[Site ""]
[Date "2018.02.04"]
[Round "7.4"]
[White "Richterova, Natasa"]
[Black "Piza, Vlastimil"]
[Result "1/2-1/2"]
[WhiteElo "2146"]
[BlackElo "2247"]
[PlyCount "0"]
[WhiteTeam "Agentura 64 Grygov"]
[BlackTeam "SK Gordic"]
[EventDate "2017.10.22"]

1. e4 c5 2. Nf3 d6 3. Bb5+ Bd7 4. Bxd7+ Qxd7 5. c4 Nc6
6. d4 cxd4 7. Nxd4 g6 8. Nc3 Bg7 9. Be3 Nf6 10. f3 O-O 11. Rc1 Rfc8 12. b3 Qd8
13. O-O Nd7 14. Kh1 a6 15. a4 Nc5 16. Rb1 Rab8 17. Qd2 Ne6 18. Nde2 Ne5 19. Ba7
Ra8 20. Bg1 Nd7 21. Rfd1 b6 22. Nd4 Rab8 23. Nxe6 fxe6 24. Bd4 Bxd4 25. Qxd4
Qf8 26. Rf1 Qg7 27. Qe3 Rc5 28. Ne2 Nf8 29. Rfc1 Rbc8 30. b4 R5c6 31. Qd3 e5
32. b5 axb5 33. axb5 Rc5 34. Rb4 Qf7 35. Ra4 R5c7 36. Rc3 Nd7 37. Qc2 Nc5 38.
Ra1 Ne6 39. Qd3 Kg7 40. h3 Nc5 41. Qd5 Nd7 42. Rac1 Ra7 43. Ng3 Rc5 44. Qd3
Rcc7 45. Nf1 Nc5 46. Qd2 Ra4 47. Ne3 Nd7 48. Nd5 1/2-1/2

[Event "1. liga - V 17/18, Gordic-Grygov"]
[Site ""]
[Date "2018.02.04"]
[Round "7.5"]
[White "Seidl, Stepan"]
[Black "Fuksik, Jakub"]
[Result "1-0"]
[WhiteElo "2206"]
[BlackElo "2180"]
[PlyCount "0"]
[WhiteTeam "SK Gordic"]
[BlackTeam "Agentura 64 Grygov"]
[EventDate "2017.10.22"]

1. Nf3 Nf6 2. c4 c6 3. b3 d5 4. Bb2 Bg4 5. h3 Bxf3 6.
exf3 d4 7. f4 e6 8. g3 Bc5 9. Bg2 O-O 10. O-O a5 11. d3 Qb6 12. a3 Nbd7 13. Nd2
Rfd8 14. Nf3 Nb8 15. Rb1 Na6 16. Re1 Qc7 17. Ne5 Qd6 18. Ra1 Qc7 19. Nf3 Qb6
20. Qc2 Qc7 21. Re2 Qd6 22. Ne5 Qc7 23. Rae1 Qd6 24. Qc1 Nc7 25. Kh2 Ra6 26.
Qa1 Rb6 27. Qa2 Na6 28. Bc1 Nc7 29. Bb2 Na6 30. Kg1 Nc7 31. Bc1 Ra8 32. Bb2 Rd8
33. Ra1 Ra6 34. Bc1 Rda8 35. Qc2 Rb6 36. Re1 Na6 37. Bd2 Nc7 38. Qb2 Raa6 39.
Ra2 Ra8 40. Rea1 Raa6 41. Rc1 Ra8 42. Rb1 Qe7 43. Kh2 Kf8 44. Qc1 Kg8 45. Kg1
Rba6 46. Rba1 Rb6 47. Qb2 Raa6 48. Qc2 Kf8 49. Qd1 Kg8 50. Bc1 Kf8 51. Re2 Qd6
52. Bb2 Kg8 53. Nf3 Ra8 54. Qc2 Raa6 55. Re5 Nd7 56. Re4 Nf6 57. Re2 Ra8 58.
Kh2 Raa6 59. Ng5 Ra8 60. Re5 Nd7 61. Ne4 Qe7 62. Rxc5 Nxc5 63. Bxd4 Nxb3 64.
Bxb6 Nxa1 65. Qb2 Ra6 66. Bxc7 Qxc7 67. c5 b5 68. Qxa1 Ra7 69. Nd6 b4 70. Ne8
1-0

[Event "1. liga - V 17/18, Gordic-Grygov"]
[Site ""]
[Date "2018.02.04"]
[Round "7.6"]
[White "Zatloukal, Petr"]
[Black "Sedlacek, Oldrich"]
[Result "0-1"]
[WhiteElo "2069"]
[BlackElo "2223"]
[PlyCount "0"]
[WhiteTeam "Agentura 64 Grygov"]
[BlackTeam "SK Gordic"]
[EventDate "2017.10.22"]

1. e4 c6 2. d4 d5 3. exd5 cxd5 4. c4 Nf6 5. Nc3 g6 6.
Qb3 Bg7 7. cxd5 O-O 8. Be2 Nbd7 9. Bf3 Nb6 10. Nge2 Bg4 11. Bxg4 Nxg4 12. a4
Nf6 13. Nf4 a5 14. O-O Qd6 15. Nb5 Qd7 16. d6 exd6 17. d5 Rfc8 18. Na7 Rxa7 19.
Qxb6 Raa8 20. Rd1 Rc4 21. Rd4 Ra6 22. Qxa6 Rxc1+ 23. Rxc1 bxa6 24. Rdc4 Bh6 25.
Rd1 Qb7 26. g3 Kg7 27. h4 Bxf4 28. Rxf4 Nxd5 29. Rfd4 Nf6 30. Rxd6 Qxb2 31.
R1d4 Ne4 0-1